World constitution. (Record no. 616)

MARC details
000 -LEADER
fixed length control field 00563cam a2200205ua 4500
008 - FIXED-LENGTH DATA ELEMENTS--GENERAL INFORMATION
fixed length control field 110412n ii |||gr||||Z||||||eng
020 ## - INTERNATIONAL STANDARD BOOK NUMBER
International Standard Book Number 81-207-1937-9
040 ## - CATALOGING SOURCE
Transcribing agency MAIN
082 ## - DEWEY DECIMAL CLASSIFICATION NUMBER
Classification number 342
245 ## - TITLE STATEMENT
Title World constitution.
Statement of responsibility, etc. By Vishnoo Bhagwan.
250 ## - EDITION STATEMENT
Edition statement 7th.
260 ## - PUBLICATION, DISTRIBUTION, ETC.
Place of publication, distribution, etc. New Delhi.:
Name of publisher, distributor, etc. Sterling publishers private limited.,
Date of publication, distribution, etc. 2002.
300 ## - PHYSICAL DESCRIPTION
Extent xi, 168, 171, 87, 79, 92, 142, 13 p.:
Dimensions 20 cm.
700 ## - ADDED ENTRY--PERSONAL NAME
Personal name Bhagwan, Vishnoo.,
700 ## - ADDED ENTRY--PERSONAL NAME
Personal name Bhushan, Vidhya.,
942 ## - ADDED ENTRY ELEMENTS (KOHA)
Koha item type Books
653 ## - INDEX TERM--UNCONTROLLED
Uncontrolled term Political science.
653 ## - INDEX TERM--UNCONTROLLED
Uncontrolled term World constitutions.
Holdings
Withdrawn status Lost status Damaged status Not for loan Home library Current library Shelving location Date acquired Total Checkouts Full call number Barcode Date last seen Copy number Price effective from Koha item type
        Central Library, Naharkatiya College Central Library, Naharkatiya College   19/09/2020   342 | BHA 15727 19/09/2020 2 19/09/2020 Books
        Central Library, Naharkatiya College Central Library, Naharkatiya College   19/09/2020   342 | BHA 15728 19/09/2020 1 19/09/2020 Books

Naharkatiya College © 2020. All rights reserved.

Powered By